LEADER 01004nam a2200253 4500 001 000000355853 003 CaOOAMICUS 005 20231020114312.0 008 231020s2003 it 000 u ita r 040 $aSeMil$bita 100 1 $aEllroy, James,$d<1948- >.$0(OLS)http://semarc/name/80046 240 14$aThe black Dahlia.$0(OLS)http://semarc/title/446065 245 10$aDalia nera /$cJames Ellroy ; traduzione di Luciano Lorenzin. 264 1$aRoma :$bLa Biblioteca di Repubblica,$c2003. 300 $a378 p. ;$c22 cm 490 1 $aNovecento ;$v82 700 1 $aLorenzin, Luciano.$0(OLS)http://semarc/name/118544 830 0$aNovecento ;$v82.$0(OLS)http://semarc/title/8369 850 $aSeMil 852 $aSeMil$W1$xVenegono$y1$m1T V 43$j244225$B247061$CSeMilBibl$Z2$F247061 $81 961 $aComo don Giuseppe - Omaggio 996 $6245$aDalia nera$9(OLS)http://semarc/title/446066 996 $6264$aRoma :$bLa Biblioteca di Repubblica$9(OLS)http://semarc/publisher/32010 LEADER 01208nam a2200253 i 4500 001 000000052387 003 CaOOAMICUS 005 20130403000000.0 008 130403s1877 xx u000 u lat u 013 $a23559 040 $aSeMil$bita 245 10$aIndex librorum prohibitorum sanctissimi domini nostri Pii 9. pont. max. iussu editus. 250 $aEditio novissima in qua libri omnes ab apostolica sede usque ad annum 1876 proscripti suis locis recensentur. 260 $aRomae :$bEx Typographia Polyglotta,$c1877. 300 $aLI, 352 p. ;$c24 cm. 650 4$aCensura libraria - Indice dei libri proibiti.$0(OLS)http://semarc/subject/436 700 0 $aPius IX,$c.$0(OLS)http://semarc/name/3003 710 2 $aChiesa Cattolica : Congregazione dell'Indice.$0(OLS)http://semarc/name/25878 850 $aSeMil 852 $aSeMil$W1$xVenegono$y1$m2H III 3 FA$j18542$B18542$CSeMilBibl$Z2$F18543 $8I 900 0 $aPio IX$c. 996 $6245$aIndex librorum prohibitorum sanctissimi domini nostri Pii 9. pont. max. iussu editus$9(OLS)http://semarc/title/80383 996 $6260$aRomae :$bEx Typographia Polyglotta$9(OLS)http://semarc/publisher/29969